Score 0/26 Timer 03:00
0 Plays Today
Hint Answer % Correct
______ Zeppelin Led
97.1%
Earth, ______ & FireWind
94.8%
______ CooperAlice
94.2%
Marvin ______Gaye
94%
Talking ______Heads
91.5%
Deep ______Purple
91.5%
______ MorrisonVan
90.7%
Bob ______ & the WailersMarley
90.1%
______ MacFleetwood
89.4%
Generation ______X
88.5%
Blue ______ CultÖyster
86.8%
______ TullJethro
86.7%
Carole ______King
86.6%
Hint Answer % Correct
______ CompanyBad
86.5%
______ StevensCat
86.5%
______ PopIggy
85.1%
Cheap ______Trick
83.8%
Black ______Sabbath
83.5%
Three Dog ______Night
81.5%
______ RiotQuiet
77%
Derek and the ______Dominos
73.7%
______, Lake & PalmerEmerson
72.6%
______ HeepUriah
63.9%
New ______ Dolls York
60.1%
Warren ______Zevon
46.7%
______ JamRam
38.4%

Today's Daily Dose

Remove Ads.
Support Sporcle.
Get the best of Sporcle when you Go Orange. This ad-free experience offers more features, more stats, and more fun while also helping to support Sporcle. Thank you for becoming a member.

You're not logged in!

Compare scores with friends on all Sporcle quizzes.
OR
Log In

Show Comments

Extras

Top Quizzes Today


Score Distribution

Your Account Isn't Verified!

In order to create a playlist on Sporcle, you need to verify the email address you used during registration. Go to your Sporcle Settings to finish the process.

Report this User

Report this user for behavior that violates our Community Guidelines.

Details: